[Event "HUN-chT 9900"]
[Site "?"]
[Date "2000.??.??"]
[Round "9"]
[White "Portisch Lajos"]
[Black "Czebe Attila"]
[Result "0-1"]
[WhiteElo "2564"]
[BlackElo "2472"]
[PlyCount "120"]
[EventDate "2000.??.??"]
[Source "www.chesslib.no"]
[SourceDate "2004.05.04"]

1. d4 b6 2. c4 Bb7 3. Nc3 e6 4. a3 f5 5. Nf3 Nf6 6. g3 Ne4 7. Nxe4 Bxe4 8. Bh3 Bxf3 9. exf3 g6 10. f4 d5 11. O-O Bg7 12. cxd5 exd5 13. Bg2 c6 14. b4 b5 15. a4 bxa4 16. b5 O-O 17. Qxa4 Qd7 18. b6 a5 19. Ba3 Rd8 20. Rfe1 Qb7 21. Re6 Qxb6 22. Bc5 Qb7 23. Qc2 Qc8 24. Rae1 a4 25. Qc3 Bf8 26. Bb6 Rd7 27. Re8 Qb7 28. Bc5 Rf7 29. Bxf8 Rxf8 30. R8e7 Nd7 31. Qa3 Rf6 32. h4 Qc8 33. Rb1 Rf7 34. Re3 Nf6 35. Rc3 Ne4 36. Rc2 Qf8 37. Qa2 Qd6 38. Rb6 Rc7 39. Bf1 Ra5 40. Kh2 a3 41. Qb3 Kg7 42. Kg2 Qd7 43. Ra2 Rca7 44. Qc2 c5 45. dxc5 Rxc5 46. Qd3 Qc7 47. Rb3 Rc3 48. Qxd5 Rxb3 49. Qxb3 Qc3 50. Qb6 Qc5 51. Qb8 Ra4 52. Kg1 Rb4 53. Qe5+ Qxe5 54. fxe5 Ra4 55. Ra1 Nc3 56. Bd3 a2 57. Kg2 Rb4 58. Kf3 Rb2 59. Ke3 Nd5+ 60. Kf3 Rd2 0-1

[Event "5th Open"]
[Site "Marseille"]
[Date "2004.06.27"]
[Round "3"]
[White "Malakhatko, Vadim"]
[Black "Flear, Glenn C"]
[Result "1-0"]
[WhiteElo "2540"]
[BlackElo "2489"]
[PlyCount "43"]
[EventDate "2004.06.26"]
[Source "Roberto Alvarez"]
[SourceDate "2004.07.12"]

1. d4 b6 2. c4 Bb7 3. Nc3 e6 4. a3 f5 5. d5 Nf6 6. g3 Bd6 7. Nf3 Na6 8. Bg2 c6 9. dxe6 dxe6 10. O-O c5 11. Qa4+ Ke7 12. Rd1 Qe8 13. Qc2 Nc7 14. Rxd6 Bxf3 15. Bf4 Bxg2 16. Kxg2 g5 17. Bxg5 Kxd6 18. Bxf6 Rf8 19. Qd3+ Kc6 20. Qf3+ Kd7 21. Rd1+ Kc8 22. Nb5 1-0

[Event "Barcelona Open"]
[Site "Barcelona ESP"]
[Date "1996.??.??"]
[Round "?"]
[White "Comas Fabrego, Luis"]
[Black "Garcia Ilundain, David"]
[Result "0-1"]
[WhiteElo "2470"]
[BlackElo "2550"]
[PlyCount "69"]
[EventDate "1996.??.??"]
[Source "www.chesslib.no"]
[SourceDate "2004.05.04"]

1. d4 b6 2. e4 Bb7 3. Nd2 e6 4. Ngf3 g6 5. Bd3 Bg7 6. O-O d6 7. Re1 Nd7 8. Nf1 Ngf6 9. Ng3 O-O 10. c3 e5 11. h3 Re8 12. d5 c6 13. c4 c5 14. Be3 Nf8 15. Qd2 Bc8 16. a3 Bd7 17. b4 Qc7 18. Rab1 Rec8 19. Rec1 Ne8 20. Nh2 a5 21. b5 Nf6 22. Rf1 Be8 23. Bh6 Qe7 24. Bxg7 Kxg7 25. Qg5 Kh8 26. f4 N8d7 27. Ng4 exf4 28. Rxf4 Ng8 29. Qxe7 Nxe7 30. Re1 h5 31. Nf6 Ne5 32. Be2 Ng8 33. Nxg8 Kxg8 34. Rf6 Rd8 35. Bxh5 0-1

[Event "Europe vs Americas"]
[Site "Mermaid Beach"]
[Date "1998.02.02"]
[Round "8"]
[White "Ippolito, Dean"]
[Black "Hodgson, Julian M"]
[Result "1/2-1/2"]
[WhiteElo "2435"]
[BlackElo "2575"]
[PlyCount "85"]
[EventDate "1998.01.26"]
[Source "ChessBase"]
[SourceDate "1998.03.09"]

1. d4 b6 2. c4 e6 3. e4 Bb7 4. Bd3 f5 5. exf5 Bb4+ 6. Kf1 Nf6 7. Be2 O-O 8. c5 Nc6 9. a3 Nxd4 10. axb4 Nxe2 11. Nxe2 Ng4 12. Qd4 Qh4 13. h3 Rxf5 14. g3 Qe7 15. hxg4 Rd5 16. Rh5 Rxd4 17. Nxd4 Qf6 18. Be3 Qg6 19. Nc3 Qxg4 20. Rh4 Qg6 21. Rd1 a5 22. c6 dxc6 23. bxa5 Rd8 24. Rd2 c5 25. Nc6 Re8 26. Nd8 Ba6+ 27. Kg2 Bd3 28. Nc6 e5 29. f3 e4 30. fxe4 Bxe4+ 31. Nxe4 Qxc6 32. Kf3 h6 33. Rd3 g5 34. Rg4 Kh8 35. Bd2 h5 36. Bc3+ Kh7 37. Rd7+ Kh6 38. Bg7+ Kh7 39. Bc3+ Kh6 40. Bg7+ Kh7 41. Bc3+ Kh6 42. Bg7+ Kh7 43. Bc3+ 1/2-1/2

[Event "Linares Anibal op 9th"]
[Site "Linares"]
[Date "2002.03.10"]
[Round "10"]
[White "Kritz, Leonid"]
[Black "Yu Shaoteng"]
[Result "0-1"]
[WhiteElo "2453"]
[BlackElo "2522"]
[PlyCount "80"]
[EventDate "2002.03.01"]
[Source "ChessBase"]
[SourceDate "2002.05.03"]

1. d4 b6 2. e4 e6 3. Nf3 Bb7 4. Bd3 c5 5. c4 cxd4 6. Nxd4 Nc6 7. Nxc6 Bxc6 8. O-O Qh4 9. Qe2 Bc5 10. Nd2 Nf6 11. Nf3 Qh5 12. a3 a5 13. e5 Bxf3 14. gxf3 Ng8 15. Bf4 a4 16. Qe4 Ra7 17. Kh1 f5 18. Qe2 Ne7 19. Be3 g5 20. Rg1 h6 21. Rae1 Nc6 22. f4 Qh4 23. Qf3 gxf4 24. Bxc5 bxc5 25. Bxf5 exf5 26. e6 Qf6 27. Qd5 Kd8 28. Qxc5 Rc7 29. Qd6 Qe7 30. Qxf4 dxe6 31. Rg6 Re8 32. Rxh6 Qd7 33. Qf3 Nd4 34. Qa8+ Qc8 35. Qg2 Qb7 36. Rd1 Qxg2+ 37. Kxg2 Rg8+ 38. Kf1 Rd7 39. c5 Kc7 40. Rh4 e5 0-1

[Event "Budapest HUN"]
[Site "?"]
[Date "2005.07.11"]
[Round "10"]
[White "Dearing Eddie"]
[Black "Chernyshov Konstantin"]
[Result "0-1"]
[WhiteElo "2420"]
[BlackElo "2548"]
[PlyCount "82"]
[EventDate "2005.??.??"]
[Source "www.chesslib.no"]
[SourceDate "2004.05.04"]

1. d4 b6 2. e4 e6 3. Nf3 Bb7 4. Bd3 Nf6 5. e5 Ne4 6. O-O f5 7. exf6 Nxf6 8. c4 Be7 9. Nc3 O-O 10. Ng5 Nc6 11. Be3 h6 12. Nh3 Bd6 13. a3 Qe8 14. Nb5 Qb8 15. b4 a6 16. Nc3 e5 17. d5 Nd4 18. Bb1 c5 19. Qd3 Qe8 20. Na4 e4 21. Qd1 g5 22. bxc5 bxc5 23. Nxc5 Qe5 24. Nf4 Ne2+ 25. Qxe2 gxf4 26. Bxf4 Qxf4 27. g3 Qf5 28. Nxb7 Be5 29. Ra2 Rae8 30. Kg2 h5 31. h4 Re7 32. Qe3 Rg7 33. Re2 Rg4 34. f4 Bb8 35. Bxe4 Nxe4 36. Qxe4 Qf6 37. Qe7 Qg6 38. Re3 Bxf4 39. Rxf4 Rgxf4 40. Qxd7 Rf1 41. Re2 Qe4+ 0-1

[Event "JUG-chT"]
[Site "Tivat"]
[Date "1995.??.??"]
[Round "8"]
[White "Ilincic, Zlatko"]
[Black "Filipovic, Branko"]
[Result "1-0"]
[WhiteElo "2555"]
[BlackElo "2410"]
[PlyCount "119"]
[EventDate "1995.??.??"]
[Source "ChessBase"]

1. d4 b6 2. e4 Bb7 3. Nd2 e6 4. Bd3 c5 5. Ngf3 cxd4 6. Nxd4 a6 7. Qe2 Qc7 8. N2f3 e5 9. Nf5 g6 10. Ne3 Nf6 11. h3 d6 12. Ng4 Nbd7 13. Bh6 Bxh6 14. Nxh6 Ng8 15. Ng4 Nc5 16. O-O-O O-O-O 17. Bc4 b5 18. Bd5 Bxd5 19. exd5 f5 20. Ne3 f4 21. Ng4 h5 22. Ngh2 Nf6 23. Ng5 Rhe8 24. g3 fxg3 25. fxg3 e4 26. Rhf1 Rf8 27. Kb1 Qe7 28. c4 Qe5 29. Ne6 Nxe6 30. dxe6 Rde8 31. cxb5 axb5 32. Qe3 Kb7 33. Rc1 Nd5 34. Qb3 Nb6 35. Rf7+ Rxf7 36. exf7 Rf8 37. Nf1 Qd5 38. Qxd5+ Nxd5 39. Nd2 Nf6 40. Rf1 e3 41. Rxf6 exd2 42. Kc2 Kc6 43. Kxd2 Kd7 44. Kc3 Ke7 45. Rf2 Ke6 46. Kb4 Ke5 47. Kxb5 d5 48. Kc6 Ke6 49. Re2+ Kf6 50. Kxd5 Rd8+ 51. Kc4 Rc8+ 52. Kb5 Kxf7 53. a4 Rb8+ 54. Kc4 Rc8+ 55. Kb4 Rb8+ 56. Ka3 Rd8 57. Re3 g5 58. a5 Rd1 59. b4 Rh1 60. g4 1-0

[Event "Ostrava Cup"]
[Site "?"]
[Date "1998.??.??"]
[Round "1"]
[White "Dydyshko Viacheslav"]
[Black "Cicak Slavko"]
[Result "1-0"]
[WhiteElo "2495"]
[BlackElo "2460"]
[PlyCount "107"]
[EventDate "1998.??.??"]
[Source "www.chesslib.no"]
[SourceDate "2004.05.04"]

1. d4 b6 2. Bg5 Bb7 3. Nc3 Nf6 4. Bxf6 exf6 5. e3 f5 6. Nge2 g6 7. Nf4 Bh6 8. Nce2 O-O 9. h4 d6 10. d5 Nd7 11. g3 Nf6 12. Bg2 Ne4 13. c3 Re8 14. Qc2 Qe7 15. O-O Qe5 16. Rad1 Rac8 17. Rfe1 Re7 18. Nd4 Rce8 19. Nf3 Qf6 20. Bf1 a6 21. a4 Nc5 22. Bg2 Bxf4 23. exf4 Rxe1+ 24. Nxe1 Qe7 25. Bf3 Qd7 26. b3 Ne4 27. Ng2 Qd8 28. Rd4 c5 29. dxc6 Bxc6 30. Ne3 Ba8 31. Bxe4 Rxe4 32. Qd3 Rxd4 33. cxd4 Qc8 34. d5 Bb7 35. h5 Qc1+ 36. Kg2 Qc5 37. h6 f6 38. f3 b5 39. axb5 axb5 40. g4 fxg4 41. Qe4 Kf8 42. Qe6 Bc8 43. Qxf6+ Ke8 44. Qh8+ Ke7 45. Qxh7+ Kd8 46. Qg8+ Kc7 47. Qe8 Qb4 48. fxg4 Bd7 49. Qxg6 Qxf4 50. h7 Qd4 51. Kf3 b4 52. Qe4 Qg7 53. g5 Kd8 54. Qh4 1-0

[Event "Open A"]
[Site "?"]
[Date "2005.07.28"]
[Round "7"]
[White "Dobrev Nanko"]
[Black "Laznicka Viktor"]
[Result "1/2-1/2"]
[WhiteElo "2426"]
[BlackElo "2517"]
[PlyCount "103"]
[EventDate "2005.??.??"]
[Source "www.chesslib.no"]
[SourceDate "2004.05.04"]

1. d4 b6 2. c4 Bb7 3. Nc3 e6 4. a3 f5 5. d5 Nf6 6. Nf3 Be7 7. g3 Ne4 8. Bg2 Nxc3 9. bxc3 O-O 10. O-O Na6 11. Nd4 Nc5 12. Qc2 Bg5 13. Bb2 g6 14. a4 e5 15. Nb3 Ba6 16. Nxc5 bxc5 17. Ba3 Bxc4 18. Bxc5 d6 19. Ba3 Qc8 20. f4 exf4 21. gxf4 Bf6 22. Bf3 Qa6 23. Rf2 Rfe8 24. Bb4 Re3 25. Rg2 Kh8 26. Rd1 Rae8 27. Rd2 Bh4 28. h3 Bf6 29. a5 Bg7 30. Qd1 Kg8 31. h4 Kf7 32. h5 Bh6 33. Qf1 R3e7 34. Rd4 Bxe2 35. Bxe2 Rxe2 36. hxg6+ hxg6 37. Rxe2 Qxe2 38. Qxe2 Rxe2 39. Rc4 Re7 40. a6 Ke8 41. Ba5 Kd8 42. Kg2 Kc8 43. Kf3 g5 44. fxg5 Bxg5 45. Kg2 c5 46. dxc6 Re2+ 47. Kf3 Re5 48. Bb4 Be7 49. c7 d5 50. Rd4 Kxc7 51. Bxe7 Rxe7 52. Rxd5 1/2-1/2

[Event "Tch-BIH"]
[Site "Neum"]
[Date "2004.06.04"]
[Round "7"]
[White "Atalik, Suat"]
[Black "Filipovic, Branko"]
[Result "1/2-1/2"]
[WhiteElo "2554"]
[BlackElo "2376"]
[PlyCount "76"]
[EventDate "2004.05.29"]
[Source "Roberto Alvarez"]
[SourceDate "2004.06.07"]

1. d4 b6 2. c4 e6 3. a3 Bb7 4. Nc3 f5 5. d5 Nf6 6. g3 Bd6 7. Bg2 Be5 8. Bd2 O-O 9. Nh3 Na6 10. O-O Nc5 11. Qc2 a5 12. Rad1 Qe8 13. b4 axb4 14. axb4 Bxc3 15. bxc5 Bxd2 16. Rxd2 exd5 17. cxb6 Ne4 18. Rd3 cxb6 19. cxd5 Qe5 20. f4 Qd6 21. Nf2 Rfc8 22. Qb2 Qc5 23. Qd4 Nc3 24. Re1 Ra1 25. Nd1 Ba6 26. Qxc5 Rxc5 27. Rd2 Rxd1 28. Rexd1 Nxd1 29. Rxd1 Bxe2 30. Re1 Rc2 31. d6 Rd2 32. Bb7 Kf8 33. Bc8 g6 34. Bxd7 Rxd6 35. Bxf5 Rd2 36. Be4 b5 37. Rb1 Rd1+ 38. Rxd1 Bxd1 1/2-1/2

[Event "6. Metalis Open"]
[Site "?"]
[Date "1999.02.25"]
[Round "3"]
[White "Cebalo Miso"]
[Black "Sale Srdjan"]
[Result "1/2-1/2"]
[WhiteElo "2511"]
[BlackElo "2415"]
[PlyCount "65"]
[EventDate "1999.??.??"]
[Source "www.chesslib.no"]
[SourceDate "2004.05.04"]

1. d4 b6 2. c4 e6 3. a3 Bb7 4. Nc3 f5 5. Nf3 Nf6 6. g3 Be7 7. Bg2 Ne4 8. Bd2 Bf6 9. O-O O-O 10. Rc1 Nc6 11. e3 Ne7 12. Qc2 Qe8 13. Rfd1 g5 14. Nb5 Qh5 15. d5 g4 16. Ne1 c6 17. dxc6 Bxc6 18. Bb4 Ng5 19. Bxe7 Bxe7 20. Bxc6 dxc6 21. Nd4 c5 22. Nc6 Bf6 23. Rd7 Kh8 24. Rcd1 Rg8 25. Qe2 Rg7 26. h4 Nf3+ 27. Kg2 Qe8 28. R7d6 Nxe1+ 29. Qxe1 Rc8 30. Na5 bxa5 31. Qxa5 Qf7 32. Kg1 Qb7 33. Rxe6 1/2-1/2

[Event "Le Touquet op 13th"]
[Site "?"]
[Date "1998.??.??"]
[Round "3"]
[White "Relange Eloi"]
[Black "Shirazi Kamran G"]
[Result "0-1"]
[WhiteElo "2490"]
[BlackElo "2430"]
[PlyCount "40"]
[EventDate "1998.??.??"]
[Source "www.chesslib.no"]
[SourceDate "2004.05.04"]

1. d4 b6 2. c4 Bb7 3. Nc3 e6 4. e4 Bb4 5. Bd3 f5 6. d5 fxe4 7. Bxe4 Qh4 8. Qd4 Nf6 9. Bf4 Nxe4 10. Qxe4 O-O 11. Nge2 exd5 12. cxd5 Bxc3+ 13. bxc3 Na6 14. g3 Qh5 15. c4 Rae8 16. Qc2 Qf3 17. Rf1 Nb4 18. Qd2 Nd3+ 19. Kd1 Nxf4 20. gxf4 Rxf4 0-1

[Event "Weilburg NBG Open"]
[Site "Weilburg GER"]
[Date "1995.??.??"]
[Round "8"]
[White "Umanskaya, Irina"]
[Black "Kengis, Edvins"]
[Result "0-1"]
[WhiteElo "2345"]
[BlackElo "2575"]
[PlyCount "66"]
[EventDate "1995.10.??"]
[Source "www.chesslib.no"]
[SourceDate "2004.05.04"]

1. d4 b6 2. c4 Bb7 3. Nc3 e6 4. a3 f5 5. d5 Nf6 6. g3 Na6 7. Bg2 Nc5 8. e3 a5 9. Nge2 g6 10. b3 Bg7 11. Rb1 exd5 12. Nxd5 Nxd5 13. Bxd5 Bxd5 14. Qxd5 c6 15. Qd1 Qe7 16. O-O O-O 17. Bb2 Bxb2 18. Rxb2 Ne4 19. a4 Rad8 20. Nd4 c5 21. Nb5 d5 22. cxd5 Qe5 23. Qe2 Rxd5 24. f3 Nc3 25. Nxc3 Qxc3 26. e4 Qd4+ 27. Kg2 fxe4 28. fxe4 Rxf1 29. Kxf1 Rd7 30. Kg2 Kg7 31. Rc2 Qd3 32. Kf2 Qxb3 33. Rd2 Qxa4 0-1

[Event "YUG-chT 52nd"]
[Site "?"]
[Date "2000.08.28"]
[Round "5"]
[White "Nestorovic Dejan"]
[Black "Filipovic Branko"]
[Result "1-0"]
[WhiteElo "2462"]
[BlackElo "2447"]
[PlyCount "157"]
[EventDate "2000.??.??"]
[Source "www.chesslib.no"]
[SourceDate "2004.05.04"]

1. d4 b6 2. c4 e6 3. a3 Bb7 4. Nc3 f5 5. d5 Nf6 6. g3 g6 7. Bg2 Bg7 8. Nh3 O-O 9. O-O Na6 10. b4 Qc8 11. Bb2 c5 12. Nb5 Ne8 13. Bxg7 Kxg7 14. dxe6 dxe6 15. Nd6 Nxd6 16. Qxd6 Bxg2 17. Kxg2 Qd8 18. Qxe6 Re8 19. Qc6 Qc8 20. Qf3 Kg8 21. Ng5 Qd8 22. h4 Qe7 23. b5 Nc7 24. e3 h6 25. Nh3 Qe4 26. Rac1 Rad8 27. Qxe4 fxe4 28. Rfd1 Kf7 29. g4 Kf6 30. g5+ hxg5 31. Nxg5 Kf5 32. Nf7 Rxd1 33. Rxd1 Re7 34. Nd8 Rh7 35. Kg3 g5 36. hxg5 Rg7 37. Nc6 Rxg5+ 38. Kh2 Rh5+ 39. Kg2 a6 40. a4 axb5 41. axb5 Rh7 42. Rd6 Rg7+ 43. Kf1 Rh7 44. Ke2 Ne6 45. Rd5+ Kf6 46. Ne5 Rb7 47. Ng4+ Kg6 48. Nh2 Ra7 49. Nf1 Ra2+ 50. Nd2 Ng5 51. Kf1 Rc2 52. Kg2 Nh7 53. Nxe4 Rxc4 54. Rd6+ Kf5 55. Ng3+ Ke5 56. Rxb6 Rc2 57. Rc6 Nf8 58. Nh5 Ne6 59. Kg3 Nd8 60. Rc8 Nb7 61. f4+ Ke6 62. Rc6+ Kd5 63. f5 Ke5 64. Kg4 Nd8 65. Rc8 Nf7 66. Re8+ Kd5 67. Nf4+ Kc4 68. Re7 Nd6 69. f6 Kxb5 70. e4 Rc1 71. e5 Rg1+ 72. Kh3 Ne4 73. f7 Ng5+ 74. Kh4 Nxf7 75. Rxf7 Kc6 76. e6 c4 77. e7 Re1 78. Ng6 c3 79. Rf8 1-0

[Event "Zalakaros op 18th"]
[Site "?"]
[Date "1999.05.14"]
[Round "3"]
[White "Portisch Ferenc"]
[Black "Varga Zoltan"]
[Result "1/2-1/2"]
[WhiteElo "2385"]
[BlackElo "2518"]
[PlyCount "99"]
[EventDate "1999.??.??"]
[Source "www.chesslib.no"]
[SourceDate "2004.05.04"]

1. d4 b6 2. c4 e6 3. e4 Bb7 4. Bd3 Nc6 5. Nf3 Nb4 6. O-O Nxd3 7. Qxd3 d6 8. Nc3 Be7 9. Bd2 Nf6 10. d5 e5 11. b4 O-O 12. Ne2 c6 13. Ng3 Qd7 14. a4 Rac8 15. b5 cxd5 16. cxd5 Nxe4 17. Qxe4 f5 18. Qe2 Bxd5 19. Rfc1 f4 20. Nf1 Bf6 21. Rxc8 Rxc8 22. Rc1 e4 23. Ne1 Be5 24. Rxc8+ Qxc8 25. Bb4 Qc1 26. Qd2 Qxd2 27. Nxd2 Kf7 28. Nc2 Ke6 29. Kf1 g5 30. h3 h5 31. Na3 f3 32. gxf3 exf3 33. Nac4 Bxc4+ 34. Nxc4 Kd5 35. Nxe5 dxe5 36. Be7 Kc4 37. Bd6 Kb3 38. Bxe5 Kxa4 39. Bb8 Kxb5 40. Bxa7 Kc6 41. Bb8 Kd5 42. Ke1 Ke4 43. Kd2 b5 44. Bd6 h4 45. Be7 Kf4 46. Kd3 g4 47. Bd6+ Kf5 48. Ke3 gxh3 49. Kxf3 Kg5 50. Bb4 1/2-1/2

[Event "First Saturday GM - Marzo 2007"]
[Site "Budapest UNG"]
[Date "2007.03.13"]
[Round "10"]
[White "Berczes, David"]
[Black "Hoang Thanh, Trang"]
[Result "1/2-1/2"]
[WhiteElo "2433"]
[BlackElo "2470"]
[PlyCount "132"]
[EventDate "2007.03.04"]
[Source "www.chesslib.no"]
[SourceDate "2004.05.04"]

1. d4 b6 2. c4 Bb7 3. Nc3 e6 4. a3 f5 5. d5 Be7 6. g3 Bf6 7. Bd2 a5 8. Bg2 Na6 9. Rc1 Ne7 10. Nh3 Nc8 11. Nf4 Nd6 12. b3 O-O 13. O-O Qe7 14. Qc2 c6 15. Na4 Nc8 16. e4 e5 17. Nd3 fxe4 18. Bxe4 cxd5 19. cxd5 Nd6 20. Bg2 Rac8 21. Qb1 e4 22. Nf4 b5 23. Nb2 Nc5 24. Nd1 Be5 25. b4 axb4 26. axb4 Bxf4 27. Bxf4 Nd3 28. Bxd6 Rxc1 29. Bxe7 Rxb1 30. Bxf8 Kxf8 31. Bxe4 Rb3 32. Ne3 Nxb4 33. Rc1 Na6 34. Nf5 Nb4 35. Rc7 Bxd5 36. Bxd5 Nxd5 37. Rxd7 Nf6 38. Rb7 Rb1+ 39. Kg2 Rb2 40. Nxg7 Ng4 41. Ne6+ Ke8 42. Ng7+ Kf8 43. Ne6+ Ke8 44. h3 Rxf2+ 45. Kg1 Rf3 46. Kg2 Rf2+ 47. Kg1 Rf3 48. hxg4 Rxg3+ 49. Kf2 Rxg4 50. Rxh7 b4 51. Rb7 Re4 52. Nc5 Rc4 53. Nd3 b3 54. Ke3 Kd8 55. Rxb3 Kc7 56. Ne5 Rh4 57. Nd3 Rc4 58. Rb5 Kd6 59. Rh5 Ra4 60. Rh6+ Kd5 61. Rh5+ Kd6 62. Nc5 Rb4 63. Kd3 Kc6 64. Kc3 Rg4 65. Nb3 Kd6 66. Nd4 Rg1 1/2-1/2

[Event "06.OIBayEM Bad Wiessee op"]
[Site "?"]
[Date "2002.10.31"]
[Round "6"]
[White "Levin Felix"]
[Black "Gawehns Klaus"]
[Result "0-1"]
[WhiteElo "2523"]
[BlackElo "2376"]
[PlyCount "72"]
[EventDate "2002.??.??"]
[Source "www.chesslib.no"]
[SourceDate "2004.05.04"]

1. d4 b6 2. c4 Bb7 3. Nc3 e6 4. a3 f5 5. d5 Nf6 6. g3 Na6 7. Bg2 Nc5 8. Nh3 Bd6 9. O-O Be5 10. Qc2 O-O 11. Rd1 Qe7 12. Bd2 c6 13. dxe6 Qxe6 14. b3 d5 15. Ng5 Qe7 16. Nf3 dxc4 17. bxc4 Nfd7 18. Nxe5 Nxe5 19. Na4 Ne4 20. c5 b5 21. Nb2 Rae8 22. Be1 Bc8 23. Nd3 Nc4 24. a4 a6 25. Bb4 f4 26. axb5 axb5 27. gxf4 Qh4 28. Be1 Qh5 29. Ne5 Nxe5 30. fxe5 Rxe5 31. Bxe4 Rg5+ 32. Kh1 Qg4 33. Bd2 Rh5 34. Qb3+ Be6 35. Qf3 Rxf3 36. Bxf3 Bd5 0-1

[Event "Oberliga Bayern 9394"]
[Site "Bayern"]
[Date "1994.??.??"]
[Round "?"]
[White "Pinter, Jozsef"]
[Black "Wockenfuss, Klaus"]
[Result "1/2-1/2"]
[WhiteElo "2555"]
[BlackElo "2330"]
[PlyCount "129"]
[EventDate "1993.10.??"]
[Source "www.chesslib.no"]
[SourceDate "2004.05.04"]

1. d4 b6 2. c4 e6 3. e4 Bb7 4. Bd3 Nc6 5. Nf3 Nb4 6. Nc3 Nxd3+ 7. Qxd3 Bb4 8. Bg5 f6 9. Bd2 Ne7 10. a3 Bxc3 11. Bxc3 d5 12. cxd5 exd5 13. e5 Qd7 14. Bb4 Nc6 15. exf6 gxf6 16. Qe3+ Kf7 17. O-O Qf5 18. Rac1 Rae8 19. Nh4 Rxe3 20. Nxf5 Re4 21. f3 Re2 22. Bc3 Bc8 23. Ng3 Re7 24. Bb4 Re6 25. Rfd1 Kg6 26. Kf2 Ba6 27. b3 Rc8 28. Rd2 Nxb4 29. axb4 Bb5 30. Ne2 Rxe2+ 31. Rxe2 Bxe2 32. Kxe2 c6 33. Kd3 a6 34. Re1 Kf7 35. g4 Rh8 36. Rc1 Rc8 37. Ke3 Kg6 38. h4 h5 39. Kf4 a5 40. bxa5 bxa5 41. Kg3 Rb8 42. Rxc6 hxg4 43. Kxg4 Rb4 44. h5+ Kg7 45. Rc7+ Kh6 46. Rf7 Rxd4+ 47. f4 Rb4 48. Rxf6+ Kh7 49. Kg5 Rxb3 50. Rf7+ Kg8 51. Ra7 Rg3+ 52. Kf6 Rh3 53. f5 d4 54. Rg7+ Kh8 55. Rd7 d3 56. Kg5 Rg3+ 57. Kf4 Rh3 58. f6 Kg8 59. Kg4 Rh2 60. Kg5 Rg2+ 61. Kf5 Rf2+ 62. Kg6 Rg2+ 63. Kf5 Rf2+ 64. Kg6 Rg2+ 65. Kf5 1/2-1/2

[Event "Tch (Men) 2005/2006 CZE"]
[Site "?"]
[Date "2005.10.15"]
[Round "1"]
[White "Mozny Milos"]
[Black "Blatny Pavel"]
[Result "1/2-1/2"]
[WhiteElo "2364"]
[BlackElo "2519"]
[PlyCount "89"]
[EventDate "2005.??.??"]
[Source "www.chesslib.no"]
[SourceDate "2004.05.04"]

1. d4 b6 2. Nf3 Bb7 3. g3 e6 4. Bg2 Be7 5. c4 f5 6. Nc3 Nf6 7. d5 Qc8 8. O-O O-O 9. e4 Nxe4 10. Nxe4 fxe4 11. Ng5 Bxg5 12. Bxg5 exd5 13. cxd5 Rf5 14. Qg4 Rxd5 15. Qxe4 Rxg5 16. Qxb7 Nc6 17. Bxc6 dxc6 18. Qxc6 Rc5 19. Qg2 Qf8 20. b4 Rf5 21. Rac1 Rf7 22. Rc2 Rd8 23. a3 Rd3 24. Qe4 Qd8 25. Re1 h6 26. Qe8+ Qxe8 27. Rxe8+ Kh7 28. Rc8 Rxa3 29. R8xc7 Rxc7 30. Rxc7 Ra4 31. h4 a6 32. Ra7 h5 33. Kg2 Kg6 34. f3 Kf6 35. Kh3 g6 36. g4 hxg4+ 37. fxg4 Ra3+ 38. Kg2 b5 39. h5 gxh5 40. gxh5 Kg5 41. Kf2 Kxh5 42. Ke2 Kg4 43. Kd2 Kf4 44. Kc2 Ke5 45. Kb2 1/2-1/2

[Event "Hungary HUN"]
[Site "?"]
[Date "2005.10.16"]
[Round "1"]
[White "Popovics Adam"]
[Black "Csom Istvan"]
[Result "1-0"]
[WhiteElo "2418"]
[BlackElo "2463"]
[PlyCount "63"]
[EventDate "2005.??.??"]
[Source "www.chesslib.no"]
[SourceDate "2004.05.04"]

1. d4 b6 2. e4 e6 3. Bd3 Bb7 4. Nf3 d6 5. O-O Nd7 6. Re1 Ne7 7. Nbd2 g6 8. Qe2 Bg7 9. e5 O-O 10. Nf1 Bxf3 11. Qxf3 dxe5 12. Be4 exd4 13. Bxa8 Qxa8 14. Qh3 Qc6 15. Re2 Nd5 16. Bh6 Re8 17. Ng3 f5 18. Rae1 e5 19. Qh4 Qf6 20. Bg5 Qf7 21. Bh6 Qf6 22. Bg5 Qd6 23. Bh6 N7f6 24. Nxf5 gxf5 25. Qg5 Qf8 26. Rxe5 Rd8 27. Rxf5 Kf7 28. Rxf6+ Nxf6 29. Bxg7 Qd6 30. Qh6 Ng4 31. Qxh7 Qg6 32. Re7+ 1-0

[Event "Nice ol (Men)"]
[Site "Nice FRA"]
[Date "1974.??.??"]
[Round "8"]
[White "Donner, Jan-Hein"]
[Black "Cardoso, Radolfo Tan"]
[Result "1-0"]
[WhiteElo "2495"]
[BlackElo "2385"]
[PlyCount "99"]
[EventDate "1974.06.06"]
[Source "www.chesslib.no"]
[SourceDate "2004.05.04"]

1. d4 b6 2. e4 Bb7 3. f3 e6 4. c4 d5 5. cxd5 exd5 6. exd5 Bxd5 7. Nc3 Nf6 8. Bb5+ c6 9. Ba4 Be7 10. Nge2 O-O 11. O-O Bc4 12. Re1 a5 13. Be3 Nd5 14. Nxd5 Qxd5 15. Nc3 Qh5 16. Bf4 Bf6 17. Ne4 Bh4 18. Ng3 Bxg3 19. hxg3 Qd5 20. Bc2 Qd8 21. Bxh7+ Kxh7 22. Qc2+ Kg8 23. Qxc4 b5 24. Qc3 Na6 25. Rad1 Qb6 26. Re4 Rad8 27. Rc1 Nb4 28. a3 f5 29. Re6 Nd5 30. Qc5 Qxc5 31. Rxc5 Nxf4 32. gxf4 Rxd4 33. Rexc6 Rxf4 34. Rxb5 a4 35. Rb7 Kh8 36. Rcc7 Rg8 37. Kf2 Kh7 38. Ra7 Kh6 39. Ke3 Rh4 40. f4 Rg4 41. Kf3 Rd8 42. Rd7 Rb8 43. Rab7 Rc8 44. Rd5 Rg6 45. Rxf5 Rd6 46. Rg5 Rd3+ 47. Ke4 Rd2 48. Rgxg7 Re8+ 49. Kf5 Rf8+ 50. Rgf7 1-0

[Event "It (Open) Basel SUI"]
[Site "?"]
[Date "2006.01.05"]
[Round "5"]
[White "Djuric Stefan"]
[Black "Filipovic Branko"]
[Result "1/2-1/2"]
[WhiteElo "2460"]
[BlackElo "2412"]
[PlyCount "29"]
[EventDate "2006.??.??"]
[Source "www.chesslib.no"]
[SourceDate "2004.05.04"]

1. d4 b6 2. Bg5 Bb7 3. Nc3 Nf6 4. d5 e6 5. e4 Be7 6. h4 h6 7. Bf4 Bb4 8. dxe6 fxe6 9. e5 Nd5 10. Qh5+ Kf8 11. Bd2 Nxc3 12. bxc3 Bc5 13. Rh3 Qe8 14. Qe2 Qg6 15. Rg3 1/2-1/2

[Event "Corr"]
[Site "?"]
[Date "2000.08.16"]
[Round "?"]
[White "Konikowski Jerzy"]
[Black "Gawehns Klaus"]
[Result "1/2-1/2"]
[WhiteElo "2404"]
[BlackElo "2468"]
[PlyCount "64"]
[EventDate "2000.??.??"]
[Source "www.chesslib.no"]
[SourceDate "2004.05.04"]

1. d4 b6 2. c4 Bb7 3. Nc3 e6 4. a3 f5 5. Nh3 Nf6 6. f3 g6 7. Nf2 Nc6 8. e3 Bg7 9. Be2 O-O 10. O-O Qe7 11. Bd2 f4 12. Re1 Nh5 13. d5 Ne5 14. e4 c5 15. Rb1 Rfc8 16. Rf1 g5 17. Nb5 d6 18. b4 Nf7 19. bxc5 bxc5 20. dxe6 Qxe6 21. Bc3 Bxc3 22. Nxc3 Bc6 23. Qd2 Nf6 24. Rfd1 Rab8 25. Nd5 Bxd5 26. cxd5 Qd7 27. Ba6 Rd8 28. Qa5 Ne5 29. Nd3 Nxd3 30. Bxd3 Qe7 31. Re1 g4 32. Kh1 Kh8 1/2-1/2

[Event "CRO Team Ch"]
[Site "Tucepi"]
[Date "1996.??.??"]
[Round "?"]
[White "Tukmakov, Vladimir B"]
[Black "Bacic, Milan"]
[Result "1-0"]
[WhiteElo "2595"]
[BlackElo "2275"]
[PlyCount "51"]
[EventDate "1996.??.??"]
[Source "www.chesslib.no"]
[SourceDate "2004.05.04"]

1. d4 b6 2. c4 Bb7 3. Nc3 a6 4. e4 d6 5. Nf3 Nd7 6. Bd3 c5 7. d5 Ngf6 8. O-O g6 9. h3 Bg7 10. Bf4 h6 11. Re1 g5 12. Bh2 Kf8 13. e5 dxe5 14. Nxe5 Nxe5 15. Bxe5 Bc8 16. Qf3 g4 17. hxg4 Bxg4 18. Qf4 h5 19. Bc7 Qc8 20. Rxe7 Rh6 21. Na4 Bh3 22. gxh3 Qxh3 23. Bf5 Rg6+ 24. Bxg6 fxg6 25. Rae1 Kg8 26. Rxg7+ 1-0

[Event "Bad Woerishofen op"]
[Site "Bad Woerishofen"]
[Date "1994.??.??"]
[Round "4"]
[White "Boensch, Uwe"]
[Black "Wockenfuss, Klaus"]
[Result "1-0"]
[WhiteElo "2535"]
[BlackElo "2330"]
[PlyCount "77"]
[EventDate "1994.03.??"]
[Source "ChessBase"]

1. d4 b6 2. e4 Bb7 3. f3 e6 4. Be3 f5 5. exf5 exf5 6. Bd3 Nf6 7. Ne2 Bd6 8. Nbc3 O-O 9. Qd2 Nd5 10. Bc4 c6 11. Bg5 Be7 12. Bxe7 Qxe7 13. O-O-O Na6 14. Nf4 Qd6 15. Rde1 Rae8 16. Ncxd5 cxd5 17. Bxa6 Bxa6 18. h4 Bc4 19. Kb1 a5 20. g3 a4 21. a3 Kf7 22. Kc1 Qf6 23. Kd1 d6 24. Rxe8 Rxe8 25. Re1 Rxe1+ 26. Kxe1 g6 27. Qe3 h6 28. Kd2 g5 29. hxg5 hxg5 30. Nh3 Kg6 31. Qe8+ Kg7 32. Kc3 Bf1 33. Nf2 b5 34. Qe1 Bg2 35. Qe2 Qd8 36. Nd3 Bh3 37. Qe6 Qc7+ 38. Kd2 Qc4 39. Qe7+ 1-0